000 00342nam a2200121Ia 4500
008 220214s9999 xx 000 0 und d
245 0 _aJ C M Bulletin
260 _bJCM National Council
_aN Delhi
500 _aEnding Volume & Year: 1988,
500 _aMissing Volume: 1982-1988(..)
500 _aStarting Volume & Year: 1979,
942 _cBJ
999 _c16785
_d16785